| 000 | 01020nam1a22002651i 4500 | ||
|---|---|---|---|
| 001 | rc\3018767 | ||
| 005 | 20240726014728.0 | ||
| 035 | _a(NLR Aleph) 007160958 | ||
| 090 |
_a7248552 _c7248552 |
||
| 100 | _a20110927d1940 |||y0rusy50 ca | ||
| 101 | 0 | _arus | |
| 102 | _aRU | ||
| 105 | _ay j ||||| | ||
| 200 | 1 |
_aИстория СССР _eУчебник для сред. школы _fПроф. К.В. Базилевич, проф. С.В. Бахрушин, проф. А.М. Панкратова, доц. А.В. Фохт _gПод ред. проф. А.М. Панкратовой |
|
| 210 |
_aМосква _cУчпедгиз _d1940 |
||
| 215 | _d22 см | ||
| 300 | _aМакет. Вариант 4-й | ||
| 701 | 1 |
_aБазилевич _bК.В. _gКонстантин Васильевич |
|
| 701 | 1 |
_aБахрушин _bС.В. |
|
| 701 | 1 |
_aПанкратова _bА.М. _gАнна Михайловна |
|
| 801 | 0 |
_aRU _bNLR _gpsbo |
|
| 801 | 1 |
_aRU _bELAR _2rusmarc |
|
| 852 |
_aNLR _j40-18/118(3) |
||
| 942 | _cBOOK | ||